Dance of the Mystics/ (Record no. 215699)

MARC details
000 -LEADER
fixed length control field 00500nam a22001817a 4500
005 - DATE AND TIME OF LATEST TRANSACTION
control field 20260320152132.0
010 ## - LCCN (DPL NO)
LC control number ENG-148089
020 ## - INTERNATIONAL STANDARD BOOK NUMBER
International Standard Book Number 9789334344035
Terms of availability 350.00
035 ## - SYSTEM CONTROL NUMBER
System control number EN-131621
037 ## - SOURCE OF ACQUISITION
Source of stock number/acquisition DBAD
082 ## - DEWEY DECIMAL CLASSIFICATION NUMBER
Classification number 881
Edition number 1
100 ## - MAIN ENTRY--PERSONAL NAME
Personal name R J Kalpana
245 ## - TITLE STATEMENT
Title Dance of the Mystics/
Remainder of title R.J Kalpana
260 ## - PUBLICATION, DISTRIBUTION, ETC. (IMPRINT)
Place of publication, distribution, etc Vasista Theosophical Trust
Name of publisher, distributor, etc R J Kalpana
Date of publication, distribution, etc 2025
270 ## - ADDRESS
Address Vasista Theosophical Trust
300 ## - PHYSICAL DESCRIPTION
Extent 229p.
Dimensions 21cm.(pb)
942 ## - ADDED ENTRY ELEMENTS (KOHA)
Source of classification or shelving scheme Dewey Decimal Classification
Item type English Books
Classification part 881
Call number suffix RJP
Holdings
Withdrawn status Lost status Not for loan Collection code Home library Current library Date acquired Source of acquisition Cost, normal purchase price Full call number Barcode Copy number Cost, replacement price Koha item type
      Non-fiction Sarojini Nagar Sarojini Nagar 20/03/2026 Delivery of Books Act Division 350.00 881 RJP EN-131621 1 350.00 English Books

© Delhi Public Library
Hit Counter
free hit counter